000 00813cab a2200217 4500
001 X3661
008 090401t1996 xxu||||| |||| 00| 0 eng d
035 _a(Sirsi) u31928
041 _aeng
100 _aAouad, G.
245 _aImprove efficiency with information futures
260 _c1996
350 _a0
490 _aCSM (Chartered Surveyor Monthly)
_v5(9) June 1996, 37(1)
520 _aLooks at two projects investigating integrated IT systems: OSCON (open systems through integrated construction database environment) and COMMIT (construction modelling methodologies for intelligent information integration).
650 _aINTEGRATED INFORMATION TECHNOLOGY SYSTEMS
690 _aMANAGEMENT-BUSINESS MANAGEMENT-INFORMATION MANAGEMENT
700 _aKelly, G.
942 _n0
948 _c04/03/1997
999 _c21424
_d21424